| 000 | 00540nam a2200193 a 4500 | ||
|---|---|---|---|
| 005 | 20140310183154.0 | ||
| 008 | 970101s19uu xx 00 eng d | ||
| 020 | _a089588559X | ||
| 050 |
_aZ 286.D47 _b.T747 1989 |
||
| 100 | _aTownsend, Carl | ||
| 245 |
_aVentura Tips and techniques / _cCarl Townsend, Sandy Townsend. |
||
| 260 |
_aSan Francisco : _bSybex, _c1989. |
||
| 300 |
_axviii, 424 p. : _bill. ; _c23 cm. |
||
| 500 | _aIncludes index. | ||
| 521 | _aIT | ||
| 650 | _aData Processors | ||
| 942 |
_cBK _2lcc _kFOR |
||
| 999 |
_c19726 _d19726 |
||